[Event "Irkutsk Region-ch"]
[Site "Irkutsk"]
[Date "2012.10.25"]
[Round "7"]
[White "Makienko, Vladislav"]
[Black "Obolenskikh, Dmitry Aleksandrovi"]
[Result "0-1"]
[WhiteElo "2184"]
[BlackElo "2496"]
[PlyCount "106"]
[EventDate "2012.10.19"]
[EventType "tourn"]
[EventRounds "13"]
[EventCountry "RUS"]
[SourceTitle "EXT 2014"]
[Source "ChessBase"]
[SourceDate "2013.11.20"]
[SourceVersion "1"]
[SourceVersionDate "2013.11.20"]
[SourceQuality "1"]

1. c4 e6 2. Nc3 d5 3. d4 c6 4. cxd5 exd5 5. Nf3 Bf5 6. Bg5 Be7 7. Bxe7 Nxe7 8. e3 Nd7 9. Bd3 Nf6 10. Qc2 Bxd3 11. Qxd3 a5 12. 0-0 0-0 13. Rab1 Nc8 14. Ne5 Nd7 15. Nxd7 Qxd7 16. Na4 Qe7 17. Rfc1 Nd6 18. Nc5 g6 19. b3 Rfe8 20. Rb2 h5 21. Qe2 Nf5 22. Qd1 Ra7 23. Nd3 Qg5 24. Kh1 Re7 25. Rbc2 Ra8 26. Rc5 Re6 27. a4 Kg7 28. Ne5 Qe7 29. Nd3 Rf6 30. Qe1 Qd8 31. b4 axb4 32. Qxb4 Nd6 33. Ra1 Qe7 34. Rc3 Qe4 35. Nc5 Qh4 36. f3 Re8 37. Rb3 Re7 38. Qe1 Qg5 39. a5 h4 40. h3 Nf5 41. f4 Ng3+ 42. Kg1 Rxf4 43. exf4 Rxe1+ 44. Rxe1 Qxf4 45. Nxb7 Qxd4+ 46. Kh2 Qa4 47. Rbb1 g5 48. Ra1 Qf4 49. a6 g4 50. Ra3 Ne4+ 51. Kh1 gxh3 52. gxh3 Qf2 53. Rxe4 dxe4 0-1

[Event "Irkutsk-ch"]
[Site "Irkutsk"]
[Date "2011.01.05"]
[Round "7"]
[White "Makienko, Vladislav"]
[Black "Khantuev, Alexander"]
[Result "1-0"]
[WhiteElo "2175"]
[BlackElo "2347"]
[PlyCount "115"]
[EventDate "2010.12.28"]
[EventType "tourn"]
[EventRounds "9"]
[EventCountry "RUS"]
[SourceTitle "CBM 140 Extra"]
[Source "ChessBase"]
[SourceDate "2011.03.01"]
[SourceVersion "1"]
[SourceVersionDate "2011.03.01"]
[SourceQuality "1"]

1. e4 e6 2. d4 d5 3. Nd2 Nf6 4. e5 Nfd7 5. Bd3 c5 6. c3 b6 7. Ne2 Ba6 8. Bxa6 Nxa6 9. 0-0 Rc8 10. Nf3 Qc7 11. Be3 Be7 12. Nf4 0-0 13. Rc1 Qb7 14. h4 cxd4 15. cxd4 Rxc1 16. Qxc1 Nb4 17. Qb1 h6 18. a3 Nc6 19. g4 Rc8 20. g5 hxg5 21. hxg5 Nf8 22. Kg2 Bd8 23. Rh1 Ne7 24. Nh4 Qc6 25. Qg1 Qc2 26. Qh2 Qh7 27. Qg3 Qe4+ 28. Qf3 Rc2 29. Qxe4 dxe4 30. Rb1 Nd5 31. Nxd5 exd5 32. Kg3 Ne6 33. Kg4 g6 34. Ng2 b5 35. Nf4 Bxg5 36. Nxd5 Bxe3 37. fxe3 Rg2+ 38. Kh3 Re2 39. Nf6+ Kg7 40. d5 Rxe3+ 41. Kg4 Nf8 42. Kf4 Re2 43. Nxe4 Nd7 44. Rc1 Rh2 45. e6 Nb6 46. Rc5 fxe6 47. dxe6 Rh4+ 48. Ke5 Nc4+ 49. Kd5 Rh5+ 50. Kd4 Rxc5 51. Kxc5 Kf8 52. b3 Ne3 53. Kd6 Nf5+ 54. Kd7 Ne7 55. b4 a6 56. Ng5 Nd5 57. Kd8 Nf6 58. Nh7+ 1-0

[Event "Irkutsk Region-ch"]
[Site "Irkutsk"]
[Date "2010.10.26"]
[Round "10"]
[White "Makienko, Vladislav"]
[Black "Rozhnev, Gennady"]
[Result "1/2-1/2"]
[WhiteElo "2149"]
[BlackElo "2169"]
[PlyCount "110"]
[EventDate "2010.10.17"]
[EventType "tourn"]
[EventRounds "11"]
[EventCountry "RUS"]
[SourceTitle "EXT 2012"]
[Source "ChessBase"]
[SourceDate "2011.11.24"]
[SourceVersion "1"]
[SourceVersionDate "2011.11.24"]
[SourceQuality "1"]

1. d4 Nf6 2. Nf3 g6 3. Nc3 d5 4. Bf4 Ne4 5. Nxe4 dxe4 6. Ne5 Bg7 7. c3 Nd7 8. Qa4 0-0 9. Nxd7 Bxd7 10. Qb4 b6 11. e3 a6 12. Bc4 a5 13. Qb3 a4 14. Qc2 Bf5 15. h3 Ra5 16. g4 b5 17. b4 axb3 18. Bxb3 Bd7 19. Qxe4 c5 20. Qb7 cxd4 21. cxd4 Bc8 22. Qc7 Ra3 23. Qxd8 Rxd8 24. 0-0 h5 25. f3 hxg4 26. fxg4 e6 27. Rac1 Bd7 28. Rc7 Be8 29. Bg5 Rda8 30. Rfc1 R3a7 31. Rxa7 Rxa7 32. Rc8 Kf8 33. h4 f6 34. Bf4 Ke7 35. Rc7+ Rxc7 36. Bxc7 Bc6 37. Kf2 Be4 38. g5 fxg5 39. hxg5 Kd7 40. Bb8 Bd5 41. Kg3 Bf8 42. Kf4 Be7 43. e4 Bc4 44. Be5 Bd8 45. Bf6 Ba5 46. Ke3 Kc6 47. Be7 Bxb3 48. axb3 Be1 49. Kf4 Kd7 50. Bf6 Ba5 51. Ke3 Kc6 52. Kd3 Bb4 53. Be5 Be7 54. Bf4 Bd8 55. Bd2 Bb6 1/2-1/2

[Event "Irkutsk Urbanovich Memorial"]
[Site "Irkutsk"]
[Date "2010.03.26"]
[Round "13"]
[White "Makienko, Vladislav"]
[Black "Khipkhenov, Igor"]
[Result "0-1"]
[WhiteElo "2149"]
[BlackElo "2170"]
[PlyCount "68"]
[EventDate "2010.03.14"]
[EventType "tourn"]
[EventRounds "15"]
[EventCountry "RUS"]
[SourceTitle "EXT 2023"]
[Source "ChessBase"]
[SourceDate "2022.10.05"]
[SourceVersion "1"]
[SourceVersionDate "2022.10.05"]
[SourceQuality "1"]

1. d4 Nf6 2. Nf3 e6 3. g3 b6 4. Bg2 Bb7 5. 0-0 Be7 6. c4 0-0 7. Nc3 d6 8. Qc2 Nbd7 9. Re1 c5 10. e4 cxd4 11. Nxd4 a6 12. b3 Qc7 13. Bb2 Rfd8 14. Rac1 Rac8 15. Qb1 Qb8 16. Rcd1 Nc5 17. Re2 Qa8 18. f4 Bf8 19. f5 e5 20. Nc2 Ncxe4 21. Nxe4 Nxe4 22. Nb4 Nf6 23. Nd5 Nxd5 24. Bxd5 b5 25. Re4 bxc4 26. bxc4 Bxd5 27. Rxd5 Rxc4 28. Rxc4 Qxd5 29. Rh4 f6 30. Bc1 Qd1+ 31. Kg2 Rc8 32. Qb7 Qe2+ 33. Kh3 Qf1+ 34. Kg4 Qxc1 0-1

[Event "Irkutsk Urbanovich Memorial"]
[Site "Irkutsk"]
[Date "2010.03.24"]
[Round "11"]
[White "Makienko, Vladislav"]
[Black "Belomestnykh, Afanasy"]
[Result "1-0"]
[WhiteElo "2149"]
[BlackElo "1795"]
[PlyCount "67"]
[EventDate "2010.03.14"]
[EventType "tourn"]
[EventRounds "15"]
[EventCountry "RUS"]
[SourceTitle "EXT 2023"]
[Source "ChessBase"]
[SourceDate "2022.10.05"]
[SourceVersion "1"]
[SourceVersionDate "2022.10.05"]
[SourceQuality "1"]

1. e4 c5 2. Nf3 Nc6 3. Bb5 g6 4. 0-0 Bg7 5. c3 Nf6 6. Re1 0-0 7. d4 cxd4 8. cxd4 a6 9. Bf1 d6 10. h3 Qc7 11. Nc3 e5 12. d5 Ne7 13. Be3 Nh5 14. Rc1 Qd8 15. Na4 b5 16. Nb6 Rb8 17. Nxc8 Nxc8 18. Rc6 a5 19. Qb3 b4 20. Ra6 Nf6 21. Nd2 Nd7 22. Qa4 Nc5 23. Bxc5 dxc5 24. Qxa5 Qxa5 25. Rxa5 Nd6 26. Rxc5 Ra8 27. Rc6 Rfd8 28. Nc4 Ne8 29. Rb6 Rab8 30. Rxb8 Rxb8 31. d6 Rd8 32. Rd1 f6 33. d7 Nc7 34. Na5 1-0

[Event "Irkutsk Urbanovich Memorial"]
[Site "Irkutsk"]
[Date "2010.03.19"]
[Round "6"]
[White "Goryachkin, Alexander"]
[Black "Makienko, Vladislav"]
[Result "1-0"]
[WhiteElo "2124"]
[BlackElo "2149"]
[PlyCount "59"]
[EventDate "2010.03.14"]
[EventType "tourn"]
[EventRounds "15"]
[EventCountry "RUS"]
[SourceTitle "EXT 2023"]
[Source "ChessBase"]
[SourceDate "2022.10.05"]
[SourceVersion "1"]
[SourceVersionDate "2022.10.05"]
[SourceQuality "1"]

1. e4 e6 2. d4 d5 3. e5 c5 4. c3 Qb6 5. Nf3 Bd7 6. a3 a5 7. Bd3 Bb5 8. 0-0 Qa6 9. Bxb5+ Qxb5 10. a4 Qb6 11. Na3 cxd4 12. Nxd4 Nc6 13. Nab5 Nxe5 14. Bf4 Bd6 15. Nxe6 fxe6 16. Bxe5 Bxe5 17. Qh5+ Kd7 18. Qxe5 Nf6 19. c4 Rhe8 20. Rfe1 Kd8 21. Nd6 Re7 22. cxd5 Nxd5 23. Rad1 Qc7 24. Nf7+ Ke8 25. Qxg7 Rc8 26. Qg8+ Kd7 27. Ne5+ Kd6 28. Qg3 Ree8 29. Rc1 Qxc1 30. Nd3+ 1-0

[Event "Irkutsk Urbanovich Memorial"]
[Site "Irkutsk"]
[Date "2010.03.18"]
[Round "5"]
[White "Gutsol, Maxim"]
[Black "Makienko, Vladislav"]
[Result "0-1"]
[WhiteElo "1464"]
[BlackElo "2149"]
[PlyCount "94"]
[EventDate "2010.03.14"]
[EventType "tourn"]
[EventRounds "15"]
[EventCountry "RUS"]
[SourceTitle "EXT 2023"]
[Source "ChessBase"]
[SourceDate "2022.10.05"]
[SourceVersion "1"]
[SourceVersionDate "2022.10.05"]
[SourceQuality "1"]

1. e4 e6 2. Nf3 d5 3. exd5 exd5 4. g3 Nf6 5. Bg2 Bd6 6. 0-0 0-0 7. d3 Bg4 8. Bg5 h6 9. Bxf6 Qxf6 10. c3 Nd7 11. d4 c6 12. Nbd2 Rfe8 13. Re1 Rxe1+ 14. Qxe1 Qf5 15. Nh4 Qc2 16. Rb1 Nf6 17. Qc1 Qd3 18. Bf1 Be2 19. Bxe2 Qxe2 20. Qe1 Qa6 21. a3 Re8 22. Qf1 Re2 23. Nhf3 Qd3 24. Rd1 Ng4 25. Ne1 Qa6 26. Ndf3 Rxb2 27. Qxa6 bxa6 28. Nd3 Rb3 29. h3 Nf6 30. Nb4 Rxc3 31. Ne5 Bxe5 32. dxe5 Nd7 33. Rd3 Rc1+ 34. Kg2 a5 35. Nxc6 Rxc6 36. Rxd5 Nc5 37. f4 Kf8 38. Rd8+ Ke7 39. Ra8 Rc7 40. Rg8 g6 41. g4 Nd7 42. Rh8 Rc2+ 43. Kg1 Rc3 44. Rxh6 Rxa3 45. h4 Rg3+ 46. Kf2 Rxg4 47. Kf3 a4 0-1

[Event "Irkutsk Anufriev Memorial"]
[Site "Irkutsk"]
[Date "2008.11.28"]
[Round "8"]
[White "Vasilenko, Igor"]
[Black "Makienko, Vladislav"]
[Result "0-1"]
[WhiteElo "1866"]
[BlackElo "2145"]
[PlyCount "48"]
[EventDate "2008.11.21"]
[EventType "tourn"]
[EventRounds "13"]
[EventCountry "RUS"]
[SourceTitle "EXT 2022"]
[Source "ChessBase"]
[SourceDate "2021.10.06"]
[SourceVersion "1"]
[SourceVersionDate "2021.10.06"]
[SourceQuality "1"]

1. d4 Nf6 2. c4 e5 3. d5 Bc5 4. Bg5 Ne4 5. Be3 Bxe3 6. fxe3 Qh4+ 7. g3 Nxg3 8. Nf3 Qh5 9. Rg1 Nxf1 10. Kxf1 0-0 11. Nc3 d6 12. Ne4 f5 13. Ng3 Qh3+ 14. Ke1 h6 15. Qc2 e4 16. Nxe4 fxe4 17. Qxe4 Qf5 18. Qh4 Qf6 19. Qg3 Bf5 20. Kf2 Nd7 21. Rg2 Be4 22. Rag1 Rf7 23. Qh3 Ne5 24. Rg3 Raf8 0-1

[Event "Irkutsk Spring"]
[Site "Irkutsk"]
[Date "2008.04.07"]
[Round "5"]
[White "Usov, Alexander"]
[Black "Makienko, Vladislav"]
[Result "0-1"]
[WhiteElo "1792"]
[BlackElo "2113"]
[PlyCount "60"]
[EventDate "2008.04.03"]
[EventType "tourn"]
[EventRounds "11"]
[EventCountry "RUS"]
[SourceTitle "EXT 2022"]
[Source "ChessBase"]
[SourceDate "2021.10.06"]
[SourceVersion "1"]
[SourceVersionDate "2021.10.06"]
[SourceQuality "1"]

1. e4 e6 2. d4 d5 3. Nd2 c5 4. c3 cxd4 5. cxd4 Nc6 6. Ngf3 Qb6 7. exd5 exd5 8. Bd3 Bd6 9. 0-0 Nge7 10. Nb3 Bg4 11. Be3 h6 12. Nc5 Qc7 13. h3 Bh5 14. g4 Bg6 15. Rc1 0-0 16. Re1 b6 17. Na6 Qb7 18. Ne5 Bxd3 19. Qxd3 Bxe5 20. dxe5 Nxe5 21. Qe2 N7c6 22. Bf4 Nd4 23. Qf1 Nef3+ 24. Kh1 Rac8 25. Bd6 Nxe1 26. Rxe1 Rfe8 27. Re3 Rxe3 28. fxe3 Ne6 29. Qd3 Qc6 30. Be5 Qc1+ 0-1

[Event "Irkutsk Spring"]
[Site "Irkutsk"]
[Date "2008.04.03"]
[Round "1"]
[White "Makienko, Vladislav"]
[Black "Khipkhenov, Igor"]
[Result "1/2-1/2"]
[WhiteElo "2113"]
[BlackElo "2264"]
[PlyCount "107"]
[EventDate "2008.04.03"]
[EventType "tourn"]
[EventRounds "11"]
[EventCountry "RUS"]
[SourceTitle "EXT 2022"]
[Source "ChessBase"]
[SourceDate "2021.10.06"]
[SourceVersion "1"]
[SourceVersionDate "2021.10.06"]
[SourceQuality "1"]

1. d4 Nf6 2. Nf3 e6 3. Bf4 b6 4. e3 Bb7 5. Nbd2 c5 6. c3 Be7 7. Bd3 d6 8. 0-0 0-0 9. Bc2 Nc6 10. h3 Rc8 11. Re1 Qc7 12. Rc1 Rfd8 13. Bb1 Qd7 14. Bh2 Bf8 15. Ne4 Nxe4 16. Bxe4 f5 17. Bb1 d5 18. Ne5 Nxe5 19. Bxe5 Bd6 20. Bxd6 Qxd6 21. f4 Qe7 22. Qh5 Bc6 23. Kh2 Rf8 24. Rg1 Be8 25. Qe2 Qh4 26. g3 Qh6 27. Rg2 Bh5 28. Qf2 Rf6 29. Rh1 g5 30. Kg1 cxd4 31. exd4 gxf4 32. gxf4+ Kf7 33. Rg5 Rg6 34. Rxg6 hxg6 35. Qe3 Rg8 36. h4 Qf8 37. Kf2 Qe7 38. Qe5 Rg7 39. Bd3 Rh7 40. Kg3 Qf6 41. Qe3 Rh8 42. Ba6 Rd8 43. Re1 Bg4 44. Rh1 Rh8 45. Bd3 Rc8 46. Bb5 Rd8 47. Ba4 Rc8 48. Qd3 Qe7 49. Bb3 Qd6 50. Qe3 Rh8 51. Rh2 Rc8 52. Bc2 Rh8 53. Bd3 Rc8 54. Bc2 1/2-1/2